Polscy Nobliści - Statystyki

Ogólne statystyki
  • Ten quiz został rozwiązany 29 razy
  • Średni wynik to 21 z 24
Statystyki odpowiedzi
Hint Odpowiedź % Poprawnych
Ferdynand Kiepski nie noblista
100%
Robert Lewandowski nie noblista
100%
Maryla Rodowicz nie noblista
100%
Lech Poznań nie noblista
100%
Lech Wałęsa noblista
100%
Konstantyn Gałczyński nie noblista
96%
Józef Piłsudski nie noblista
96%
Józef Wybicki nie noblista
96%
Józef Schwarz nie noblista
96%
Magdalena Biejat nie noblista
96%
Maria Skłodowska-Curie noblista
96%
Czesław Miłosz noblista
96%
Lech Kaczyński nie noblista
92%
Henryk Sienkiewicz noblista
92%
Olga Tokarczuk noblista
92%
Czesław Małysz nie noblista
88%
Juliusz Słowacki nie noblista
88%
Wisława Szymborska noblista
88%
Władysław Reymont noblista
85%
Aleksander Głowacki nie noblista
77%
Bolesław Prus nie noblista
58%
Wiesław Szymborski nie noblista
58%
Tokar Olgarczuk nie noblista
54%
Józef Rotblat noblista
12%
Nie znaleziono quizów pasujących do podanych kryteriów
Rozkład punktacji
Procent ludzi z każdym wynikiem
Percentyl według liczby udzielonych odpowiedzi
Twoja historia wyników
Nie rozwiązałeś tego quizu